Carne and another v Debono (Record no. 13301)

MARC details
000 -LEADER
fixed length control field 01472cab a2200193 4500
001 - CONTROL NUMBER
control field ABS39892
008 - FIXED-LENGTH DATA ELEMENTS--GENERAL INFORMATION
fixed length control field 090401t1988 xxu||||| |||| 00| 0 eng d
035 ## - SYSTEM CONTROL NUMBER
System control number (Sirsi) u19857
041 ## - LANGUAGE CODE
Language code of text/sound track or separate title eng
245 ## - TITLE STATEMENT
Title Carne and another v Debono
260 ## - PUBLICATION, DISTRIBUTION, ETC.
Date of publication, distribution, etc. 1988
350 ## - PRICE (NR) (BK AM CF MU VM SE) [OBSOLETE]
Price 0
490 ## - SERIES STATEMENT
Series statement Weekly Law Reports
Volume/sequential designation (1988) 1 WLR 1107-1113(7)
520 ## - SUMMARY, ETC.
Summary, etc. CA 27 June 1988. 1 February 1985: the purchaser agreed to buy a house subject to planning permission conditions and the release of restrictive covenants . 16 December 1985: contractual date for completion fixed. November 1986: terms agreed for the release of the covenants. 13 January 1987: the vendors gave notice requiring completion of the contract and making time of the essence. That notice was treated by the parties`solicitors as expiring on 5 February: on that day at 10.10 the vendors`solicitors sent a letter by fax to the purchaser`s solicitors which contained a completion statement. Completion was due by midday. The letter was inconsistent with the amount of interest being demanded, which was itself in dispute. Completion did not take place. The vendors`solicitors wrote on the following day informing the purchaser`s solicitors that the contract was terminated and that the vendors would retain the deposit. The vendors began proceedings in which they claimed a declaration that th
650 ## - SUBJECT ADDED ENTRY--TOPICAL TERM
Topical term or geographic name entry element VENDOR AND PURCHASER
690 ## - LOCAL SUBJECT ADDED ENTRY--TOPICAL TERM (OCLC, RLIN)
Topical term or geographic name as entry element PROPERTY LAW AND PRACTICE-CASE LAW
942 ## - ADDED ENTRY ELEMENTS (KOHA)
Suppress in OPAC 0
948 ## - LOCAL PROCESSING INFORMATION (OCLC); SERIES PART DESIGNATOR (RLIN)
c (OCLC) 04/03/1997
Holdings
Withdrawn status Lost status Source of classification or shelving scheme Damaged status Not for loan Home library Current library Shelving location Date acquired Total Checkouts Full call number Barcode Date last seen Copy number Price effective from Koha item type
    Dewey Decimal Classification     London London Journal article 14/09/1999   ABS39892 19857-1001 06/08/2019 1 06/08/2019 Law report